Об отпуске средств на переустройство монастыря близ гор. Кельцы под тюрьму, вследствие переполнения тюрем и предупреждения эпиде...

RUSMARC
00004367cmc2a2200000#x 450
0019371a90ba60c45cea3c8f3ac78c64494
00520200820110852.0
100##$a20130919l19081910k y0rusy0189 ca
1010#$arus
102##$aRU
251##$cДело
2250#$aФонд Совет министров (1905-1917)
$hОпись № 4
$i1908 г.
300##$aОригинальный заголовок дела: Об обращении кредита в размере 180.000, ассигнованного на переустройство для тюремных целей упраздненного монастыря близ города Кельцы : 20 октября 1908
300##$aПечатный и машинописный текст
324##$aПленка
801#0$aRU
$bРГИА
$c20130919
801#1$aRU
$bГлавНИВЦ
$c20130919
$2rusmarc
801#2$aRU
$bПБ им. Б.Н. Ельцина
$c20130920
$gRCR
$2rusmarc
850##$aФедеральное казенное учреждение "Российский государственный исторический архив" (РГИА)
852##$aРГИА
$j122
937##$aASBIBLIO_SCAN
$bРГИА_1276:_4:_122:
$d1388438
$hРГИА
2001#$aОб отпуске средств на переустройство монастыря близ гор. Кельцы под тюрьму, вследствие переполнения тюрем и предупреждения эпидемических заболеваний в тюрьмах
$j20 октября 1908 г. - 4 февраля 1910 г.
215##$a22 листа
035##$a9371a90ba60c45cea3c8f3ac78c64494
605##$2acquisition_Prlib
$3LIBNET\UAF\0000089563
$aПредупреждение и борьба с эпидемиями в России
$lколлекция
1222#$ad19081020##
$ad19100204##
5171#$aОб обращении кредита в размере 180.000, ассигнованного на переустройство для тюремных целей упраздненного монастыря близ города Кельцы
$e20 октября 1908
461#0$1001c7912e80-a322-4844-9992-beca65726c82
$12001
$aСовет министров (1905-1917)
$1251
$cФонд
$1852
$j1276
462#0$100128effbc8-45a8-4844-a30d-fda4587ad6d6
$12001
$a1908 г.
$vД. 122
$1251
$cОпись
$1852
$j4
Формат отображения